000 01351nam a22003737a 4500
003 CHAP
005 20220329143411.0
008 090407s2009 mx r 00010 spa d
010 _a96018
011 _a96990
035 _a107647
040 _cCHAP
090 _aTesis
100 1 _aLlanos Ramos, Cristina
_967266
245 1 0 _aUso de vermífugos homeopatas y alopátas en ovinos de pelo
_c/por Cristina Llanos Ramos
260 _aChapingo, Méx. :
_bEl autor,
_c2009
300 _ax, 82 h. :
_bcuadros, gráfs.
502 _aTesis (Ing. Agr. Esp. en Zootecnia) -- UACH. Departamento de Zootecnia
590 _aALEPH
_b10
_c20130110
_lUCH01
_h1528
590 _aBATCH-UPD
_b10
_c20130110
_lUCH01
_h0740
590 _aBATCH-UPD
_b10
_c20130410
_lUCH01
_h0422
590 _aBATCH-UPD
_b10
_c20130914
_lUCH01
_h1514
590 _aCONVERSION
_b10
_c20130109
_lUCH01
_h1353
650 1 4 _aGanado lanar
_xEnfermedades.
_945173
650 1 4 _aGanado lanar
_xPeso.
_945211
650 1 4 _aHomeopatía en medicina veterinaria.
_956058
650 1 4 _aHomeopatia.
_956056
650 1 4 _aMateria médica.
_972929
650 1 4 _aNemátodos parásitos de ovinos.
_980834
901 _aBK
942 _cFOLL
949 _aTesis
_bBC
_cTES
_d33724002089644
_eTS1
_gDonaciØn
_h49209
_i107647
_sb
949 _aTesis
_bBC
_cTES
_d33724002089686
_eTS2
_fc.2
_gDonaciØn
_h49210
_i107647
_sb
999 _c96018
_d96018